| 000 | 00867cam a2200301 4500 | ||
|---|---|---|---|
| 001 | 1822753 | ||
| 003 | ARRUPE | ||
| 005 | 20150908115559.0 | ||
| 008 | 710603s1970 ne b 000 0 eng | ||
| 010 | _a 79562859 | ||
| 015 | _aNe*** | ||
| 020 | _a9024750539 | ||
| 040 |
_aDLC _cDLC _dDLC |
||
| 050 | 0 | 0 |
_aB829.5 _b.M63 |
| 082 | 0 | 0 | _a111/.08 |
| 100 | 1 |
_aMohanty, J. N. _q(Jitendra Nath), _d1928- _919445 |
|
| 245 | 1 | 0 |
_aPhenomenology and ontology _cJ. N. Mohanty. |
| 260 |
_aDen Haag, _bMartinus Nijhoff, _c1970. |
||
| 300 |
_a219 p. _c24 cm. |
||
| 350 | _afl31.50 | ||
| 440 | 0 |
_aPhaenomenologica, _v37 _919446 |
|
| 504 | _aIncludes bibliographical references. | ||
| 650 | 0 |
_aPhenomenology. _919447 |
|
| 650 | 0 |
_aAnalysis (Philosophy) _919448 |
|
| 650 | 0 |
_aNyaya. _919449 |
|
| 906 |
_a7 _bcbc _corignew _d4 _encip _f19 _gy-gencatlg |
||
| 942 |
_2lcc _cMONOGRAPH |
||
| 999 |
_c123277 _d123277 |
||